Concepts of Programming Language/ (Record no. 35218)

MARC details
000 -LEADER
fixed length control field 00473nam a22001817a 4500
005 - DATE AND TIME OF LATEST TRANSACTION
control field 20240305102226.0
008 - FIXED-LENGTH DATA ELEMENTS--GENERAL INFORMATION
fixed length control field 240305b |||||||| |||| 00| 0 eng d
020 ## - INTERNATIONAL STANDARD BOOK NUMBER
ISBN 9780131395312
082 ## - DEWEY DECIMAL CLASSIFICATION NUMBER
Classification number 005.13
Item number SEB-C
100 ## - MAIN ENTRY--AUTHOR
Author Name Sebesta,Robert W
245 ## - TITLE STATEMENT
Title Concepts of Programming Language/
Statement of responsibility, etc. Robert W.Sebesta.
250 ## - EDITION STATEMENT
Edition statement 10th ed.
260 ## - PUBLICATION, DISTRIBUTION, ETC.
Place of Publication USA:
Name of publisher, distributor, etc. Pearson;
Date of publication, distribution, etc. 2012.
300 ## - PHYSICAL DESCRIPTION
Pages xix,795p;
500 ## - GENERAL NOTE
General note Include Index.
650 ## - SUBJECT ADDED ENTRY--TOPICAL TERM
Subject / Department Programming
300 ## - PHYSICAL DESCRIPTION
-- 23cm.
952 ## - LOCATION AND ITEM INFORMATION (KOHA)
-- 0
-- 0
Holdings
Lost status Damaged status Collection code Permanent Location Current Location Shelving Location Date acquired Full Call Number Accession No./Barcode Date last seen item type Koha item type
    CS/IT Superior Information Resource Center (SIRC) Superior University- Gold Campus Superior Information Resource Center (SIRC) Superior University - City Campus Programming 03/05/2024 005.13 SAB-C 2012 17011 03/05/2024 BOOK BOOK

Powered by Koha